00852nam a2200265 a 450000100060000000300080000600500170001400800390003102000150007002000180008503500190010304000320012204100080015408200270016210000250018924500430021425000480025726000750030530000260038050000320040650400680043865000230050665000140052970000430054326227BD-RjUL20211209051004.0140320r20131973ii b 001 0 eng a0195647343 a9780195647341 a(BD-RjUL)26297 aDLCcDLCdDLCdBD-RjULbeng aeng00a330.1556221bSEO 20131 aSen, Amartya,d1933-10aOn economic inequality /cAmartya Sen. aEnl. ed. / James E. Foster and Amartya Sen. aDelhi ;aNew York :bOxford University Press,cc1973 [Reprinted 2013]. axii, 260 p. ;c22 cm. aOriginally published: 1973. aIncludes bibliographical references (p. [221]-251) and indexes. 0aWelfare economics. 0aEquality.1 aFoster, James E.q(James Eric),d1955-